000 01213nam a2200265Ia 4500
003 OSt
005 20220930094749.0
006 a|||||r|||| 00| 0
007 ta
008 220926b |||||||| |||| 00| 0 hin d
024 _a10780
037 _cTheses
040 _aCRL
_cCRL
_bhin
041 _2hin
_ahin
100 _aचौधरी, मनीष कुमार, ले.
110 _aदिल्ली विश्वविद्यालय. कला संकाय. हिन्दी विभाग
245 0 _aस्वातं×योत्तर हिन्दी उपन्यास में वृद्धाव्स्थ
_b सामाजिक - सांस्कृतिक संदर्भ में
246 _aSvātan×yottar hindī upanyās mean vṛuddhāvstha: sāmājik - sāanskṛutik sandarbha mean
260 _c2013
300 _a213पृ0
_ap.
_ccm.
650 _aहिन्दी साहित्य
700 _aदिल्ली विश्वविद्यालय. कला संकाय. हिन्दी विभाग
942 _cDIS
_2CC
999 _c887640
_d887640